<?xml version="1.0" encoding="UTF-8"?>
<record
    xmlns:xsi="http://www.w3.org/2001/XMLSchema-instance"
    xsi:schemaLocation="http://www.loc.gov/MARC21/slim http://www.loc.gov/standards/marcxml/schema/MARC21slim.xsd"
    xmlns="http://www.loc.gov/MARC21/slim">

  <leader>00912nam a22001937a 4500</leader>
  <controlfield tag="008">120322t        xxu||||| |||| 00| 0 eng d</controlfield>
  <datafield tag="020" ind1=" " ind2=" ">
    <subfield code="a">1861526393</subfield>
  </datafield>
  <datafield tag="050" ind1=" " ind2=" ">
    <subfield code="a">HD70.14.C43</subfield>
  </datafield>
  <datafield tag="100" ind1=" " ind2=" ">
    <subfield code="a">Chicken, John C</subfield>
  </datafield>
  <datafield tag="245" ind1=" " ind2=" ">
    <subfield code="a">Management and entrepreneurism /</subfield>
    <subfield code="c">John C. Chicken</subfield>
  </datafield>
  <datafield tag="260" ind1=" " ind2=" ">
    <subfield code="a">Australia:</subfield>
    <subfield code="b">Thomsin,</subfield>
    <subfield code="c">2000.</subfield>
  </datafield>
  <datafield tag="300" ind1=" " ind2=" ">
    <subfield code="a">xiii,153 p.:</subfield>
    <subfield code="b">ill;</subfield>
    <subfield code="c">23cm.</subfield>
  </datafield>
  <datafield tag="500" ind1=" " ind2=" ">
    <subfield code="a">Includes index.</subfield>
  </datafield>
  <datafield tag="505" ind1=" " ind2=" ">
    <subfield code="a">Contents: The Nature of activities requiring management -- The Forms of entrepreneurism -- The Forms of management -- The Real and imaginary constraints on management action -- The Reality of management in local goverment -- The Reality of management in central government -- The Reality of management and entrepreneurism in the private sector -- Where improvement in management efficiency can be made.</subfield>
  </datafield>
  <datafield tag="650" ind1=" " ind2=" ">
    <subfield code="a">Management. </subfield>
  </datafield>
  <datafield tag="650" ind1=" " ind2=" ">
    <subfield code="a">Entrepreneurship. </subfield>
  </datafield>
  <datafield tag="650" ind1=" " ind2=" ">
    <subfield code="a">Management. </subfield>
  </datafield>
  <datafield tag="942" ind1=" " ind2=" ">
    <subfield code="2">lcc</subfield>
    <subfield code="c">BK</subfield>
  </datafield>
  <datafield tag="999" ind1=" " ind2=" ">
    <subfield code="c">672</subfield>
    <subfield code="d">8172</subfield>
  </datafield>
  <datafield tag="952" ind1=" " ind2=" ">
    <subfield code="0">0</subfield>
    <subfield code="1">0</subfield>
    <subfield code="2">lcc</subfield>
    <subfield code="4">0</subfield>
    <subfield code="7">0</subfield>
    <subfield code="a">WIUC-1</subfield>
    <subfield code="b">WIUC-1</subfield>
    <subfield code="c">GEN</subfield>
    <subfield code="d">2012-03-22</subfield>
    <subfield code="l">0</subfield>
    <subfield code="o">HD70.14.C43</subfield>
    <subfield code="p">1627/12</subfield>
    <subfield code="r">2012-03-22 00:00:00</subfield>
    <subfield code="t">1</subfield>
    <subfield code="w">2012-03-22</subfield>
    <subfield code="y">BK</subfield>
  </datafield>
  <datafield tag="952" ind1=" " ind2=" ">
    <subfield code="0">0</subfield>
    <subfield code="1">0</subfield>
    <subfield code="2">lcc</subfield>
    <subfield code="4">0</subfield>
    <subfield code="7">0</subfield>
    <subfield code="a">WIUC-1</subfield>
    <subfield code="b">WIUC-1</subfield>
    <subfield code="c">GEN</subfield>
    <subfield code="d">2012-03-22</subfield>
    <subfield code="l">0</subfield>
    <subfield code="o">HD70.14.C431</subfield>
    <subfield code="p">1628/12</subfield>
    <subfield code="r">2012-03-22 00:00:00</subfield>
    <subfield code="t">2</subfield>
    <subfield code="w">2012-03-22</subfield>
    <subfield code="y">BK</subfield>
  </datafield>
  <datafield tag="952" ind1=" " ind2=" ">
    <subfield code="0">0</subfield>
    <subfield code="1">0</subfield>
    <subfield code="2">lcc</subfield>
    <subfield code="4">0</subfield>
    <subfield code="7">0</subfield>
    <subfield code="a">WIUC-1</subfield>
    <subfield code="b">WIUC-1</subfield>
    <subfield code="c">GEN</subfield>
    <subfield code="d">2012-03-22</subfield>
    <subfield code="l">0</subfield>
    <subfield code="o">HD70.14.C432</subfield>
    <subfield code="p">1629/12</subfield>
    <subfield code="r">2012-03-22 00:00:00</subfield>
    <subfield code="t">3</subfield>
    <subfield code="w">2012-03-22</subfield>
    <subfield code="y">BK</subfield>
  </datafield>
  <datafield tag="952" ind1=" " ind2=" ">
    <subfield code="0">0</subfield>
    <subfield code="1">0</subfield>
    <subfield code="2">lcc</subfield>
    <subfield code="4">0</subfield>
    <subfield code="7">0</subfield>
    <subfield code="a">WIUC-1</subfield>
    <subfield code="b">WIUC-1</subfield>
    <subfield code="c">GEN</subfield>
    <subfield code="d">2012-03-22</subfield>
    <subfield code="l">0</subfield>
    <subfield code="o">HD70.14.C433</subfield>
    <subfield code="p">1630/12</subfield>
    <subfield code="r">2012-03-22 00:00:00</subfield>
    <subfield code="t">4</subfield>
    <subfield code="w">2012-03-22</subfield>
    <subfield code="y">BK</subfield>
  </datafield>
  <datafield tag="952" ind1=" " ind2=" ">
    <subfield code="0">0</subfield>
    <subfield code="1">0</subfield>
    <subfield code="2">lcc</subfield>
    <subfield code="4">0</subfield>
    <subfield code="7">0</subfield>
    <subfield code="a">WIUC-1</subfield>
    <subfield code="b">WIUC-1</subfield>
    <subfield code="c">GEN</subfield>
    <subfield code="d">2012-03-22</subfield>
    <subfield code="l">0</subfield>
    <subfield code="o">HD70.14.C434</subfield>
    <subfield code="p">1631/12</subfield>
    <subfield code="r">2012-03-22 00:00:00</subfield>
    <subfield code="t">5</subfield>
    <subfield code="w">2012-03-22</subfield>
    <subfield code="y">BK</subfield>
  </datafield>
  <datafield tag="952" ind1=" " ind2=" ">
    <subfield code="0">0</subfield>
    <subfield code="1">0</subfield>
    <subfield code="2">lcc</subfield>
    <subfield code="4">0</subfield>
    <subfield code="7">0</subfield>
    <subfield code="a">WIUC-1</subfield>
    <subfield code="b">WIUC-1</subfield>
    <subfield code="c">GEN</subfield>
    <subfield code="d">2012-03-22</subfield>
    <subfield code="l">0</subfield>
    <subfield code="o">HD70.14.C435</subfield>
    <subfield code="p">1632/12</subfield>
    <subfield code="r">2012-03-22 00:00:00</subfield>
    <subfield code="t">6</subfield>
    <subfield code="w">2012-03-22</subfield>
    <subfield code="y">BK</subfield>
  </datafield>
  <datafield tag="952" ind1=" " ind2=" ">
    <subfield code="0">0</subfield>
    <subfield code="1">0</subfield>
    <subfield code="2">lcc</subfield>
    <subfield code="4">0</subfield>
    <subfield code="7">0</subfield>
    <subfield code="a">WIUC-1</subfield>
    <subfield code="b">WIUC-1</subfield>
    <subfield code="c">GEN</subfield>
    <subfield code="d">2019-11-04</subfield>
    <subfield code="l">0</subfield>
    <subfield code="o">HD70.14.C43</subfield>
    <subfield code="p">K/1228/1228/19</subfield>
    <subfield code="r">2021-07-22 00:00:00</subfield>
    <subfield code="t">1</subfield>
    <subfield code="w">2021-07-22</subfield>
    <subfield code="y">BK</subfield>
  </datafield>
  <datafield tag="952" ind1=" " ind2=" ">
    <subfield code="0">0</subfield>
    <subfield code="1">0</subfield>
    <subfield code="2">lcc</subfield>
    <subfield code="4">0</subfield>
    <subfield code="7">0</subfield>
    <subfield code="a">WIUC-1</subfield>
    <subfield code="b">WIUC-1</subfield>
    <subfield code="c">GEN</subfield>
    <subfield code="d">2019-11-04</subfield>
    <subfield code="l">0</subfield>
    <subfield code="o">HD70.14.C431</subfield>
    <subfield code="p">K/1229/1229/19</subfield>
    <subfield code="r">2021-07-22 00:00:00</subfield>
    <subfield code="t">2</subfield>
    <subfield code="w">2021-07-22</subfield>
    <subfield code="y">BK</subfield>
  </datafield>
</record>
